| 000 | nam a22 7a 4500 | ||
|---|---|---|---|
| 999 |
_c15270 _d15270 |
||
| 008 | 161028b xxu||||| |||| 00| 0 eng d | ||
| 020 | _a0393973476 | ||
| 050 | _aMT 6.5 .N67 1999 | ||
| 100 | _d1999 | ||
| 245 |
_aThe Norton scores: _ba study anthology. |
||
| 260 |
_aNY: _bW.W.Norton company, _c1999. |
||
| 300 |
_axiv,958p.ill: _c18cm |
||
| 650 | _aanthology | ||
| 942 |
_2lcc _cBOOKS _hMT 6.5 .N67 1999 |
||